Las modernas tecnologías de control y de investigación del delito (Registro nro. 5909)

Detalles MARC
000 -Cabecera
Campo de control de longitud fija 01131ata a2200385 4500
005 - Fecha y hora de la última transacción
Campo de control 20260302193618.0
008 - Elementos de longitud fija--Información general
Campo de control de longitud fija 150521b2010 xxu||||| |||| 00| 0 spa d
020 ## - International Standard Book Number
Número Internacional Estándar del Libro (ISBN) 9789508947789
041 ## - Idioma
Código de idioma Español
082 ## - Clasificación Decimal Dewey
Número de clasificación 364.1 G232m
100 ## - Entrada principal--Autor personal
Nombre personal Garibaldi, Gustavo E.L.
9 (RLIN) 30977
245 ## - Título propiamente dicho
Título Las modernas tecnologías de control y de investigación del delito
260 ## - Pie de imprenta
Lugar de publicación, distribución, etc. Argentina
260 ## - Pie de imprenta
Nombre del editor, distribuidor, etc. Ad-Hoc
260 ## - Pie de imprenta
Fecha de publicación, distribución, etc. 2010
300 ## - Descripción física
Extensión 568 páginas
490 ## - Serie
Título de la Serie Investigación Criminal
650 ## - Materia general
Temática (materia general) DELITOS
650 ## - Materia general
Temática (materia general) TECNOLOGÍAS EN INVESTIGACIÓN
650 ## - Materia general
Temática (materia general) MARCO NORMATIVO BÁSICO
650 ## - Materia general
Temática (materia general) REGLAMENTO DE GARANTÍAS
650 ## - Materia general
Temática (materia general) MARCO PÚBLICO
650 ## - Materia general
Temática (materia general) MARCO PRIVADO
650 ## - Materia general
Temática (materia general) TECNOLOGÍAS DE CONTROL
650 ## - Materia general
Temática (materia general) INJERENCIAS DOMICILIARIAS
650 ## - Materia general
Temática (materia general) INJERENCIAS EN LA INTIMIDAD
650 ## - Materia general
Temática (materia general) ACTUACION DE AGENTES
650 ## - Materia general
Temática (materia general) AGENTES ENCUBIERTOS
650 ## - Materia general
Temática (materia general) INTERVENCIÓN DE LAS COMUNICACIONES
650 ## - Materia general
Temática (materia general) LIBERTAD DE PRENSA
650 ## - Materia general
Temática (materia general) VIDEOVIGILANCIA
650 ## - Materia general
Temática (materia general) TÉCNICAS DE SEGUIMIENTO DE PERSONAS
650 ## - Materia general
Temática (materia general) SEGURIDAD ELECTRÓNICA
942 ## - Punto de acceso adicional KOHA
Tipo de ítem KOHA Libro
Fuente del sistema de clasificación o colocación Dewey Decimal Classification
Existencias
Signatura completa Código de barras Programa Académico Tipo de ítem
364.1 G232m 14972 Investigación Criminal Libro
364.1 G232m 14973 Investigación Criminal Libro